[Event "21st Mediterranean Flowers WGM 2021"]
[Site "Rijeka"]
[Date "2021.03.13"]
[Round "9.3"]
[White "Hrescak, Ivana"]
[Black "Manakova, Maria"]
[Result "1-0"]
[WhiteElo "2201"]
[BlackElo "2271"]
[Annotator "TA"]
[PlyCount "117"]
[EventDate "2021.03.07"]
[EventType "tourn"]
[EventCountry "CRO"]
[SourceTitle "playchess.com"]
[Source "ChessBase"]
[SourceQuality "1"]

{[%evp 11,117,31,33,0,5,5,4,2,19,24,26,20,25,32,80,68,67,68,111,85,84,61,77,75,85,15,95,93,125,114,156,154,178,179,189,68,61,67,71,49,64,37,105,107,177,176,179,179,190,194,257,257,386,385,511,516,509,470,535,534,524,535,527,520,498,484,544,525,608,607,595,592,620,619,612,607,611,582,793,748,1156,1137,910,909,1699,1658,1651,1651,1423,858,851,851,1603,852,1725,1663,1446,1354,12674,10283,29971,29972,29972,29973,29975,29975,29969,29971]} 1. d4 e6 2. c4 f5 3. Nc3 Nf6 4. g3 d5 5. Bg2 c6 6. Nf3 Bd6 7. Qd3 {A90: Dutch Defence: Miscellaneous and Modern Stonewall (with ...Bd6).} O-O 8. O-O Ne4 9. Ne5 {[#] The position is equal.} Qc7 $146 ({Predecessor:} 9... Nd7 10. Nxd7 Bxd7 11. f3 Nxc3 12. bxc3 Qe7 13. Bf4 Bxf4 14. gxf4 Qh4 15. e3 Rf6 {0-1 (44) Martin Macias,D (2089)-Zarandieta Lopera,J (2164) Andalucia 2018}) 10. f3 Nxc3 11. Qxc3 b6 12. Bf4 a5 13. Rac1 dxc4 14. Qxc4 b5 15. Qc2 c5 16. b3 Na6 17. Nd3 $36 {[%mdl 2048] Strongly threatening Bxd6. White has strong initiative.} Bxf4 18. gxf4 (18. Nxf4 $16 {Threatening e4.} e5 19. dxe5) 18... Qd6 (18... c4 $1 $11 {remains equal.}) 19. dxc5 $16 Qd4+ 20. Kh1 Nb4 21. Nxb4 axb4 22. Rfd1 Qxf4 23. Qd2 (23. c6 $18) 23... Qxd2 $14 24. Rxd2 f4 $1 25. Rd4 Rxa2 26. Bf1 Ra3 {White stays focused until the end.} (26... e5 $14 27. Rxb4 Rd8) 27. Rxb4 $16 Ba6 (27... Ra5 $16) 28. Bh3 $18 Re8 29. c6 ({Don't do} 29. Rxf4 $6 Rxb3 30. Re4 Bc8 $16) 29... g5 30. Bg4 Kg7 (30... Kf8 $142 31. h4 h6) 31. c7 Kf6 (31... Ra2 $142 32. Re4 Bc8) 32. Rd4 Bc8 33. Rd8 Ke7 34. Rcd1 Ra8 35. Bh5 Rf8 36. Rxf8 Kxf8 {[%mdl 4096] Endgame KRB-KRB} 37. Rd8+ Ke7 38. Be8 g4 39. Bxb5 gxf3 40. exf3 e5 41. b4 Ra1+ 42. Kg2 Ra2+ 43. Kg1 Ra1+ 44. Kf2 Ra2+ 45. Be2 e4 46. Rxc8 {KRB-KR} e3+ 47. Ke1 Kd7 48. Rh8 Kxc7 49. Rxh7+ Kd6 50. Rh5 Ra1+ 51. Bd1 Ra2 52. Rf5 Rxh2 53. Rxf4 Rb2 54. Re4 Kd5 55. Rxe3 Rxb4 56. Bb3+ {White mates.} Kd6 57. Kf2 Rh4 58. Kg3 Rh1 59. f4 {Weighted Error Value: White=0.13/Black=0.31} 1-0

[Event "21st Mediterranean Flowers WGM 2021"]
[Site "Rijeka"]
[Date "2021.03.13"]
[Round "9.4"]
[White "Zimina, Olga"]
[Black "Radikovic, Anamarija"]
[Result "1/2-1/2"]
[WhiteElo "2364"]
[BlackElo "1986"]
[Annotator "TA"]
[PlyCount "91"]
[EventDate "2021.03.07"]
[EventType "tourn"]
[EventCountry "CRO"]
[SourceTitle "playchess.com"]
[Source "ChessBase"]
[SourceQuality "1"]

{[%evp 13,91,24,28,17,17,8,18,8,8,0,4,-2,-4,-17,-8,-16,-18,-16,-8,-23,-5,-41,-14,-51,-55,-93,-109,-97,-103,-103,-111,-110,-110,-106,-103,-95,-95,-104,-91,-89,-97,-197,-177,-329,-321,-430,-433,-412,-399,-907,-768,-955,-1079,-1081,-1004,-1069,-1058,-1066,-1046,-1027,-976,-982,-797,-1071,-42,-1484,0,0,0,0,0,0,0,0,0,0,0,0,0,0]} 1. Nf3 Nf6 2. g3 g6 3. Bg2 Bg7 4. O-O O-O 5. d4 d6 6. Re1 Nbd7 7. e4 e5 8. dxe5 {A49: 1 d4 Nf6 2 Nf3 g6 3 g3: Anti-King's Indian systems.} Nxe5 9. Nxe5 dxe5 10. Qxd8 Rxd8 11. Nc3 Be6 12. h3 c6 {[#]} 13. a4 $146 ({Predecessor:} 13. Be3 Nd7 14. Rad1 Nb6 15. b3 h6 16. a4 f5 17. Rxd8+ Rxd8 18. Rd1 Rxd1+ 19. Nxd1 {1-0 (51) Kim,S (2295)-Sounov,B (1910) Uljanovsk 2011}) 13... Bf8 14. Bg5 Kg7 15. a5 Bb4 16. Reb1 b6 17. Nd1 b5 ({Of course not} 17... Bxa5 $6 18. c3 $16 (18. b4 Rxd1+ 19. Rxd1 Bxb4 $11)) 18. Nc3 Bc5 19. b4 Bd4 20. Ra3 h6 21. Bxf6+ Kxf6 22. Ne2 a6 23. Nxd4 Rxd4 24. Rc3 Bc4 25. Bf1 Rad8 {Strongly threatening ...Rd1.} 26. Bxc4 Rxc4 $17 {[%mdl 4096] Endgame KRR-KRR} 27. Rbb3 (27. Rxc4 $17 bxc4 28. c3) 27... Rdd4 28. Rd3 $2 (28. f3) 28... Rxc2 $19 ({Not} 28... Rxb4 29. Rxb4 Rxb4 30. Rd6+ Ke7 31. Rxc6 $11) 29. Rbc3 Rxc3 30. Rxc3 Rc4 31. Rxc4 (31. Rb3 Rxe4 32. f3) 31... bxc4 {KP-KP} 32. Kf1 Ke6 33. Ke2 Kd6 34. Kd2 c5 35. Kc3 cxb4+ 36. Kxb4 c3 $1 {[%cal Rc3c2]} 37. Kxc3 {[#]} Kc5 $1 38. f4 f6 $2 (38... exf4 $19 39. gxf4 g5) 39. h4 $2 {[%mdl 8192] [#]} (39. f5 $15 gxf5 40. exf5) 39... exf4 $2 (39... g5 $1 $19 40. hxg5 hxg5 41. fxg5 fxg5) 40. gxf4 $11 {The position is equal.} g5 41. hxg5 hxg5 42. e5 gxf4 43. exf6 {Intending f7 and mate.} Kd6 44. Kd4 Ke6 45. Ke4 Kxf6 46. Kxf4 {Whites escaped into a draw.  Weighted Error Value: White=0.62/Black=0.35} 1/2-1/2

[Event "21st Mediterranean Flowers WGM 2021"]
[Site "Rijeka"]
[Date "2021.03.13"]
[Round "9.5"]
[White "Spiranec, Noemi"]
[Black "Kejzar, Petra"]
[Result "1/2-1/2"]
[WhiteElo "2077"]
[BlackElo "2043"]
[Annotator "TA"]
[PlyCount "149"]
[EventDate "2021.03.07"]
[EventType "tourn"]
[EventCountry "CRO"]
[SourceTitle "playchess.com"]
[Source "ChessBase"]
[SourceQuality "1"]

{[%evp 9,148,13,14,1,12,16,76,71,79,98,83,91,107,78,83,89,100,84,109,106,106,56,56,29,28,0,11,-41,-39,-46,-43,-45,-40,-52,-25,-81,-56,-56,18,-50,-46,-84,-81,-111,-72,-63,-44,-48,-40,-55,25,33,260,245,230,255,251,256,243,182,207,205,244,103,89,-92,-1,0,0,-62,-64,-84,-20,-33,-33,-40,-37,-42,-41,-47,-41,-68,-26,-55,-67,-48,-8,-7,-7,0,0,0,0,0,0,0,0,0,0,0,0,0,44,0,42,0,19,0,0,0,8,0,0,-635,8,0,8,8,8,8,8,8,8,8,8,8,8,8,8,8,8,8,8,8,8,8,8,8,8,8,8]} 1. d4 Nf6 2. c4 e6 3. g3 d5 4. Bg2 dxc4 5. Nf3 Bd7 6. O-O {E04: Open Catalan: 5 Nf3.} Bc6 7. Nbd2 {[%cal Bb1d2,Bd2c4,Bc4e5][%mdl 32] [#]} h5 $146 (7... b5 $11 {keeps the balance.}) ({Predecessor:} 7... Be7 8. Nxc4 O-O 9. b3 Bd5 10. Bb2 c5 11. dxc5 Na6 12. Qc2 Be4 13. Qc3 Nxc5 14. Rfd1 Qc7 15. Qe5 Qxe5 16. Nfxe5 Rfd8 {½-½ (33) Dubov,D (2699)-Erigaisi,A (2559) Chess.com INT 2020}) 8. Nxc4 $16 {White is better.} h4 9. Nce5 hxg3 10. hxg3 Bd6 11. Nxc6 Nxc6 12. Bg5 Qd7 13. Rc1 Nd5 14. e4 Nb6 15. a3 f6 16. e5 Be7 17. exf6 gxf6 18. Be3 (18. Bh4 $11) 18... Nd5 19. Re1 O-O-O 20. Qa4 Kb8 21. Qb3 Bd6 22. Nd2 (22. Bd2 $11) 22... Nce7 23. Ne4 {Black should prevent Nxf6.} Rdf8 (23... c6 $15) 24. Nc5 (24. Bd2 $11) 24... Bxc5 $15 25. Rxc5 c6 26. a4 Rfg8 27. Bd2 f5 28. Qf3 $1 Ka8 29. b4 Nf6 (29... Ng6 $1 $15 30. Bg5 Nxb4) 30. Qe3 $11 Ng4 $2 (30... Ne4 $1 $14) 31. Qxe6 $18 Qxd4 {[%csl Gg4][%cal Rd4f2]} 32. Qe2 Rh7 33. Bc3 Qd6 34. Qe6 Qxe6 35. Rxe6 f4 36. gxf4 (36. Rc4 $18) 36... Nd5 $16 37. Bd2 $2 {[#]} (37. f5 $16 {keeps the pressure on.} Nf4 38. Rg6 $1 Nxg6 39. fxg6 Rxg6 40. Be4) 37... Nxf2 $1 38. Kxf2 $11 Rh2 39. Kf3 Rhxg2 $15 40. Be1 {[#]} Rb2 ({Black should play} 40... Ra2 $1 $17 {[%cal Ra2a3]} 41. f5 Ra3+ 42. Kf2 Rf8) 41. Rc4 Rb3+ 42. Kf2 a6 43. Rce4 Ka7 44. Kf1 Rb1 45. Ke2 Rf8 46. Kf3 Rb3+ 47. Kg4 Nf6+ (47... Rg8+ {feels hotter.} 48. Kf5 Rf3 49. Bh4 a5 50. Be7 axb4 51. Bxb4 Rh3) 48. Rxf6 $1 Rxf6 $11 {[%mdl 4096] Endgame KRR-KRB} 49. Bf2+ Kb8 50. f5 Rf8 51. Bc5 Rg8+ 52. Kf4 Rb1 53. f6 Rf1+ 54. Ke5 Kc7 55. Ke6 Rg6 56. Be7 (56. Bd6+ {is more complex.} Kd8 57. Bf4 b6 58. Rd4+ Kc8 59. Kf5) 56... Rh6 57. Rg4 {Hoping for Bd6+.} a5 58. bxa5 {Threatening mate with Bd6+.} Re1+ 59. Kf7 Rh7+ 60. Kf8 Rh8+ 61. Rg8 $2 {[%mdl 8192]} (61. Kg7 $11 Reh1 62. f7 R8h7+ 63. Kg8 Rh8+ 64. Kg7 R8h7+ 65. Kg8 Rh8+ 66. Kg7) 61... Rh7 $2 ({Better is} 61... Rxg8+ $19 62. Kxg8 Rg1+ 63. Kh7 Kd7) 62. Rg7 {The position is equal.} Rxg7 63. fxg7 {KR-KB} Rg1 64. g8=Q (64. Bf6 {is interesting.} c5 65. Be5+ Kc8 66. Bh2 Rg4 67. g8=Q) 64... Rxg8+ 65. Kxg8 {Strongly threatening Bc5. KB-KPP} Kb8 66. Bc5 (66. Bd6+ {keeps more tension.} Ka8 67. Bb4 Ka7 68. Kh7 Ka8 69. Bd6) 66... Kc7 67. Kf7 (67. Ba7 {looks sharper.} c5 68. Kh8 c4 69. Kg7 Kc8 70. Kf6) 67... Kb8 68. Ke6 {And now Ke5 would win.} Ka8 $1 69. Kd6 Kb8 70. Kd7 {Kd6 is the strong threat.} Ka8 71. Be3 Kb8 72. Kd8 {Threatens to win with Bc5.} c5 73. Bxc5 {Black must now prevent Bg1.} Ka8 74. Kc8 {aiming for Kd7.} b6 75. axb6 {Never resign too early!  Weighted Error Value: White=0.24/Black=0.25} 1/2-1/2